Loading...
| History - Other History | 0 | 5 | 1 | 2 | 45 | 68 | 103.40 | 0 | 3 |
| Science - Physics | 0 | 4 | 1 | 2 | 35 | 58 | 97.75 | 1 | 1 |
| History - European History | 0 | 4 | 2 | 1 | 30 | 73 | 104.25 | 0 | 1 |
| Religion | 0 | 3 | 1 | 0 | 25 | 33 | 77.33 | 0 | 2 |
| Fine Arts - Other Fine Arts | 0 | 3 | 2 | 0 | 20 | 69 | 97.33 | 0 | 0 |
| Social Science | 0 | 3 | 2 | 0 | 20 | 75 | 92.00 | 0 | 2 |
| Geography | 0 | 2 | 0 | 1 | 20 | 84 | 95.50 | 0 | 1 |
| Mythology | 0 | 2 | 1 | 0 | 15 | 87 | 95.00 | 0 | 1 |
| Science - Chemistry | 0 | 2 | 1 | 0 | 15 | 87 | 91.00 | 0 | 0 |
| Literature - British Literature | 0 | 1 | 0 | 0 | 10 | 109 | 109.00 | 0 | 0 |
| Fine Arts - Classical Music | 0 | 1 | 0 | 0 | 10 | 83 | 83.00 | 0 | 1 |
| History - World History | 0 | 2 | 2 | 0 | 10 | 51 | 69.50 | 0 | 2 |
| Literature - World Literature | 0 | 1 | 0 | 0 | 10 | 105 | 105.00 | 0 | 0 |
| Other Academic | 0 | 1 | 0 | 0 | 10 | 106 | 106.00 | 0 | 0 |
| Fine Arts - Painting and Sculpture | 0 | 1 | 1 | 0 | 5 | 100 | 100.00 | 0 | 0 |
| Current Events | 0 | 0 | 0 | 0 | 0 | 0.00 | 0 | 0 | |
| Science - Biology | 0 | 0 | 0 | 0 | 0 | 0.00 | 0 | 0 | |
| Philosophy | 0 | 1 | 2 | 0 | 0 | 88 | 88.00 | 1 | 1 |
| Science - Other Science | 0 | 2 | 4 | 0 | 0 | 83 | 91.50 | 1 | 2 |
| Literature - American Literature | 0 | 0 | 1 | 0 | -5 | 0.00 | 0 | 0 | |
| History - American History | 0 | 1 | 3 | 0 | -5 | 72 | 72.00 | 0 | 0 |